000 00483nam a22001577a 4500
003 macl
005 20161105171830.0
008 macl
040 _cmacl
082 _a332
100 _aकुन्दन के.
_966187
245 _aबैंक पी.ओ एम टी प्रिवियस पेपर
260 _aदिल्ली
_bबी एस सी पब्लिशिंग क प्रा लि
_c2015
650 _aबैंक
_966301
942 _2ddc
_cHIN
_k332
999 _c55620
_d55620